Loading...
Aspects of Indian Labour
| Main Author: | |
|---|---|
| Format: | Printed Book |
| Published: |
Oxford, Clarendon Press
1989
|
| Series: | The Hindu equilibrium
|
| Subjects: |
| LEADER | 005760000a22002050004500 | ||
|---|---|---|---|
| 020 | |a 0-19-828499-3 | ||
| 082 | |a 331.109 54 M9 | ||
| 100 | |a Deepak Lal | ||
| 245 | |a Aspects of Indian Labour | ||
| 260 | |a Oxford, Clarendon Press | ||
| 260 | |c 1989 | ||
| 465 | |a R 275 | ||
| 490 | |a The Hindu equilibrium |c 2 | ||
| 650 | |a India | ||
| 650 | |a Labour supply | ||
| 650 | |a Unemployment | ||
| 650 | |a Wages | ||
| 942 | |c BK | ||
| 999 | |c 5536 |d 5536 | ||
| 952 | |0 0 |1 0 |4 0 |6 331_109000000000000_54_M9 |7 0 |8 ENG |9 5328 |a MGUL |b MGUL |d 2013-07-16 |e R 275 |l 0 |o 331.109 54 M9 |p 11067 |r 2019-03-26 |w 2013-07-16 |y BK | ||